Numerical methods in offshore piling : proceedings of a conference /

Bibliographic Details
Corporate Author: Institution of Civil Engineers (Great Britain)
Format: Book
Language:English
Published: London : The Institution, 1980.
Subjects:

MARC

Tag First Indicator Second Indicator Subfields
LEADER 00000cam a2200000 a 4500
001 in00000078969
005 20151008055155.0
008 820209s1980 enka b 10000 engm
010 |a  81472538  
015 |a GB*** 
020 |a 0727700863 :  |c 21.00 
035 |a (OCoLC)08223074 
035 |9 AAJ2752AM 
040 |a DLC  |c DLC  |d m.c.  |d TXA  |d UtOrBLW 
049 |a TXAM  |c [1407008] 
050 0 0 |a TA780  |b .N85 
082 0 |a 627/.98  |2 19 
245 0 0 |a Numerical methods in offshore piling :  |b proceedings of a conference /  |c organized by the Institution of Civil Engineers and held in London, 22-23 May 1979. 
264 1 |a London :  |b The Institution,  |c 1980. 
300 |a vi, 215 pages :  |b illustrations ;  |c 31 cm. 
336 |a text  |b txt  |2 rdacontent 
337 |a unmediated  |b n  |2 rdamedia 
338 |a volume  |b nc  |2 rdacarrier 
504 |a Includes bibliographical references. 
650 0 |a Piling (Civil engineering)  |x Mathematical models  |x Congresses. 
650 0 |a Offshore structures  |x Mathematical models  |x Congresses. 
650 0 |a Numerical analysis  |v Congresses. 
710 2 |a Institution of Civil Engineers (Great Britain) 
999 |a MARS 
999 f f |s 1887b441-e5fe-32ec-b445-4487e7b91142  |i d97acf49-a239-3385-8436-f42c8c6ff3f6  |t 0 
952 f f |p normal  |a Texas A&M University  |b College Station  |c Sterling C. Evans Library  |d Evans: Library Stacks  |t 0  |e TA780 .N85  |h Library of Congress classification  |i unmediated -- volume  |m A14806243970 
998 f f |a TA780 .N85  |t 0  |l Evans: Library Stacks